| 000 | 00991naa a22002777a 4500 | ||
|---|---|---|---|
| 001 | BR2300061 | ||
| 003 | BR-BrBNA | ||
| 005 | 20240918172735.0 | ||
| 007 | ta | ||
| 008 | 230509b bl.||||| |||| 00| 0 por d | ||
| 040 |
_aBR-BrBNA _bpor _cBiblioteca Nacional de Agricultura |
||
| 041 | _a(Pt) | ||
| 072 |
_aE50; C00 _b/G514 |
||
| 090 | _aE50 BR2300061 | ||
| 100 | 1 | _aGueiros, J. | |
| 111 | 1 |
_a1. Congresso de Agricultura do Nordeste Brasileiro _cRecife, PE (Brazil) _d8 Jan 1923 |
|
| 245 | 1 | _aLegislacao do ensino primario [Brasil] | |
| 260 | 3 |
_aRecife, PE (Brasil): _c1923. |
|
| 500 | _aAnnaes do 1. Congresso de Agricultura do Nordeste Brasileiro Recife, PE (Brasil): 1923. p. 373-377 (BR2300061-AM)E50 | ||
| 650 | _aLegislacao | ||
| 650 | _aEducacao | ||
| 650 | _aEnsino agricola | ||
| 773 | 0 |
_tAnnaes do 1. Congresso de Agricultura do Nordeste Brasileiro _wE50 BR2300061 _gRecife, PE (Brasil), 1923. p. 373-377 |
|
| 909 |
_a202404 _bLucia _c55 _dLucia Elande |
||
| 942 |
_cAM _2AGRIS |
||
| 999 |
_c301320 _d301320 |
||